000 00335nam a2200121 a 4500
005 20140414132054.0
008 110714s19uu xx 00 eng d
050 _aFIL
_bP26 2008
100 _aPastor, S.A.
245 _aThe young goat, the nanny goat and the wolf.
260 _aManila Philippines :
_bLampara,
_c2008.
999 _c114251
_d114251